Harry Potter: le Souvenir de la Prophétie de Trelawney - Statistiques

Statistiques générales
  • Ce quiz a été pris 57 fois
    50 depuis la dernière actualisation
  • Le résultat moyen est 12 sur 13
Statistiques - réponses
Information Réponses % Correct
Observateur Harry Potter
100%
Personnage mentionné Harry Potter / Neville Londubat
100%
Propriétaire du souvenir Albus Dumbledore
95%
Observateur Albus Dumbledore
95%
Personnage présent Albus Dumbledore
95%
Dernière apparition Harry Potter et le Prince de Sang-Mêlé
95%
Dernière mention Harry Potter et les Reliques de la Mort
95%
Première apparition Harry Potter et l'Ordre du Phénix
92%
Personnage présent Sibylle Trelawney
92%
Personnage mentionné Lord Voldemort
79%
Personnage présent Severus Rogue
79%
Lieu de l'observation Bureau d'Albus Dumbledore
77%
Lieu du souvenir La Tête de Sanglier
56%
Aucun quiz correspondant
Distribution des résultats
% des personnes avec chaque résultat
Percentile par nombre de réponses
Votre historique - résultats
Vous n’avez pas pris ce quiz depuis la dernière actualisation